000 01089nac a22003251i 4500
003 EG-ScBUE
005 20250601093959.0
008 250311s1999 enka f b 001 0 eng d
020 _a1858940729
020 _a9781858940724
040 _aEG-ScBUE
_beng
_erda
_cEG-ScBUE
_dEG-ScBUE
082 0 4 _a529
_bSTO
_222
245 0 4 _aThe story of time /
_cKristen Lippincott, [and twenty six others]
264 1 _aLondon :
_bMerrell Holberton,
_c1999.
300 _a304 pages :
_bcolor illustrations ;
_c28 cm
336 _2rdacontent
_atext
_btxt
337 _aunmediated
_2rdamedia
_bn
338 _avolume
_bnc
_2rdacarrier
500 _aPublished in association with the National Maritime Museum.
504 _aIncludes bibliographical references and index.
650 7 _aTime
_xExhibitions.
_2BUEsh
650 7 _aTime.
_2BUEsh
650 7 _aTime
_xPhilosophy.
_2BUEsh
650 7 _aTime
_xSocial aspects.
_2BUEsh
655 _vReading book
700 1 _aEco, Umberto,
_eauthor.
700 1 _aLippincott, Kristen,
_d1954-
_eauthor.
700 1 _aGombrich, E. H.,
_eauthor.
942 _cBB
_2ddc
999 _c7388
_d7388